State/Nation Capitals closest to Miami - Statistics

General Stats
  • This quiz has been taken 16 times
  • The average score is 8 of 10
Answer Stats
Distance (miles) Capital % Correct
227.12 Havana
100%
184.77 Nassau
100%
604.2 Atlanta
93%
579.55 Kingston
79%
708.23 Port-au-Prince
79%
744.05 Baton Rouge
71%
585.62 Montgomery
71%
568.82 Columbia
64%
695.46 Raleigh
57%
406.59 Tallahassee
57%
No matching quizzes found
Score Distribution
Percent of People with Each Score
Percentile by Number Answered
Your Score History
You have not taken this quiz